000 00849nam a22002057a 4500
999 _c12908
_d12908
003 AR-CdUCM
008 190410b ||||| |||| 00| 0 spa d
040 _aMUNICIPALIDAD PROVINCIAL DEL CUSCO
_cBIBLIOTECA MUNICIPAL DEL CUSCO
082 _aC / 370.98 /
_bB96
100 _aBustos A., Heriberto
_923374
245 _aColegios agropecuarios: alternativa para la educación rural :
_buna experiencia PRODERM-CAIP-FIDA /
260 _aCusco :
_bAndina,
_c1991
300 _a132 páginas ;
_c21 cm.
505 _aContenido: Educación producción y desarrollo -- Colegios agropecuarios piloto: balance y perspectivas -- Planificación y ejecución -- Participación ...
650 _aEducación rural
_94641
650 _aColegios agropecuarios
_931035
700 _aRomero, James (coautor)
_931036
942 _2ddc
_cLIBROS
945 _aacv
_d2019-04-10